000
00340 a2200157 4500
001
195233
020
_a
978-85-45559-35-1
040
_c
Magnum
100
_a
Collodi, Carlo
240
1
0
_a
PinĂ³quio reciclado
_l
245
1
0
_a
PinĂ³quio reciclado
300
_a
41
362
0
_a
2018
697
_a
LITERATURA INFANTO-JUVENIL
942
_c
BK
999
_c
195233
_d
195233